000 00590nam a22002297a 4500
003 UA-OsUOA
001 96294
007 ta
008 20130318b un ||||| |||| 00| 0 ukr d
100 _aЛясковский В.
090 _a821.161.2
_bЛ97
942 _cBK
040 _aUA-OsUOA
_brus
_cUA-OsUOA
_dUA-OsUOA
245 _aВстречи
_bочерки
300 _a248 с.
955 _a3
041 _arus
080 _a821.161.2
260 _aОдесса
_bМаяк
_c1988
650 7 _a82 Література. Літературознавство
_2UDC
999 _c382551
_d382551